Central Library OPAC University of Rajshahi
Normal view MARC view

Entry Personal Name

Number of records used in: 2

001 - CONTROL NUMBER

  • control field: 17265

003 - CONTROL NUMBER IDENTIFIER

  • control field: BD-RjUL

005 - DATE AND TIME OF LATEST TRANSACTION

  • control field: 20251102114254.0

008 - FIXED-LENGTH DATA ELEMENTS

  • fixed length control field: 251102|| aca||aabn | a|a d

040 ## - CATALOGING SOURCE

  • Original cataloging agency: BD-RjUL
  • Transcribing agency: BD-RjUL

100 ## - HEADING--PERSONAL NAME

  • Personal name: Aiyar, Pinayur Ramanatha

670 ## - SOURCE DATA FOUND

  • Source citation: Work cat.: (BD-RjUL)85907: Aiyar, Pinayur Ramanatha, Trial tactics, or, A study in the methods of the masters /, [1929 ?]